| 000 | 00902nas a2200313 4500 | ||
|---|---|---|---|
| 001 | BR0809706 | ||
| 003 | BR-BrBNA | ||
| 005 | 20231205112741.0 | ||
| 007 | ta | ||
| 008 | 230509b bl.|||p| |||| 00| 00por d | ||
| 040 |
_aBR-BrBNA _bpor _cBiblioteca Nacional de Agricultura |
||
| 041 | _a(Pt) | ||
| 072 | _aQ02 | ||
| 100 | 1 | _aCony, H.C. | |
| 100 | 1 | _aVieira, S.L. | |
| 100 | 1 | _aBerres, J. | |
| 100 | 1 | _aGomes, H.A. | |
| 100 | 1 | _aConeglian, J.L.B. | |
| 100 | 1 | _aFreitas, D.M. de | |
| 245 | 1 | _aTécnicas de pulverização e imersão com distintos desinfetantes sobre ovos incubáveis | |
| 650 | _aOVO | ||
| 650 | _aDESINFECÇÃO | ||
| 650 | _aDESINFETANTE | ||
| 650 | _aECLODIBILIDADE | ||
| 650 | _aMORTALIDADE | ||
| 773 | 0 |
_tCiência Rural (Brazil) _xISSN 0103-8478 _g(Aug 2008), v. 38(5) p. 1407-1412 _wBR0809706 |
|
| 909 |
_a202311 _bLúcia _c55 _dLúcia Elande |
||
| 942 |
_2AGRIS _n0 _cANA |
||
| 999 |
_c199759 _d199759 |
||